The Binding of Isaac All Transformations - Statistics

General Stats
  • This quiz has been taken 124 times
  • The average score is 12 of 15
Answer Stats
Requirements Transformation % Correct
Guppy items Guppy
100%
Puberty pills Adult
91%
Bob items Bob
90%
Book items Bookworm
86%
Angel room items Seraphim
85%
Familiar items Conjoined
84%
Devil room items Leviathan
84%
Syringe items Spun
84%
All Bum items Super Bum
83%
Mushroom items Fun Guy
78%
Fly items Beelzebub
71%
Size increase items Stompy
71%
Mom items Yes Mother?
63%
Spider items Spider Baby
61%
Poop items Oh Crap
58%
No matching quizzes found
Score Distribution
Percent of People with Each Score
Percentile by Number Answered
Your Score History
You have not taken this quiz